| Tag |
First Indicator |
Second Indicator |
Subfields |
| LEADER |
00000cam a2200000 a 4500 |
| 001 |
in00000019725 |
| 005 |
20220103115000.0 |
| 007 |
cr unu a |
| 008 |
880706s1986 xx a b 00010 eng d |
| 035 |
|
|
|9 AAB2550AM
|
| 035 |
|
|
|a (OCoLC)18175464
|
| 040 |
|
|
|a TXA
|c TXA
|d UtOrBLW
|
| 049 |
|
|
|a TXAZ [Also in] [Archives]
|c 1 [A10792169], 2 [A10792216]
|
| 099 |
|
|
|a 1986
|a Thesis
|a S741
|
| 100 |
1 |
|
|a Speake, Robert Cary,
|d 1960-
|
| 245 |
1 |
3 |
|a An analysis of selected factors controlling or affecting the hydraulic conductivity of compacted soil liners /
|c by Robert Cary Speake, Jr.
|
| 264 |
|
1 |
|a [Place of publication not identified] :
|b [publisher not identified] ;
|c 1986.
|
| 300 |
|
|
|a xi, 115 leaves :
|b illustrations ;
|c 29 cm.
|
| 336 |
|
|
|a text
|b txt
|2 rdacontent
|
| 337 |
|
|
|a computer
|b c
|2 rdamedia
|
| 338 |
|
|
|a online resource
|b cr
|2 rdacarrier
|
| 500 |
|
|
|a "Major subject: Civil Enineering."
|
| 500 |
|
|
|a Typescript (photocopy).
|
| 500 |
|
|
|a Vita.
|
| 502 |
|
|
|b M.S.
|c Texas A&M University
|d 1986.
|
| 504 |
|
|
|a Bibliography: leaves 109-112.
|
| 530 |
|
|
|a Also available online.
|
| 650 |
|
0 |
|a Sanitary landfills
|x Linings.
|
| 650 |
|
0 |
|a Soil permeability.
|
| 650 |
|
0 |
|a Soil stabilization.
|
| 650 |
|
4 |
|a Major civil engineering.
|
| 856 |
4 |
1 |
|u https://hdl.handle.net/1969.1/ETD-TAMU-1986-THESIS-S741
|z Link to OAKTrust copy
|t 0
|
| 999 |
|
|
|a MARS
|
| 999 |
f |
f |
|s f1f16d44-f75a-3979-9b0d-98be1a20bbe5
|i 86826342-fc1a-34a8-8ef3-de408540b327
|t 0
|
| 952 |
f |
f |
|p noncirc
|a Texas A&M University
|b J.J. Pickle Campus
|c High Density Repository
|s HDR
|d Remote Storage
|t 0
|e 1986 Thesis S741
|h Other scheme
|i computer -- online resource
|m A14839613447
|
| 952 |
f |
f |
|a Texas A&M University
|b College Station
|c Electronic Resources
|s www_evans
|d Available Online
|t 0
|e 1986 Thesis S741
|h Other scheme
|
| 998 |
f |
f |
|a 1986 Thesis S741
|t 0
|l Remote Storage
|
| 998 |
f |
f |
|a 1986 Thesis S741
|t 0
|l Available Online
|